Responses for Show #4496 - Monday, March 8, 2004

Contestants

[<< previous game]

Mike Weaver, a real estate developer from Glencoe, Illinois

Laura Simandl, a homemaker from New York, New York

Beth Graham, a library public relations manager from San Antonio, Texas (whose 1-day cash winnings total $21,201)

[next game >>]

Jeopardy! Round responses

MOUNTAINS
MAGAZINE DEBUTS BY DECADE
COLORFUL ROCK
PHOTO OP
(Alex: We're gonna take ya way back for some...)
MYTHICAL MENAGERIE
DOUBLE "F"
    $200 16
Mount Rainier

Laura
    $200 21
the 1950s

Beth
    $200 22
(Beth: What is "Sgt. Pepper's?")

Yellow Submarine

Beth
Triple Stumper
    $200 11
Kitty Hawk

Mike
    $200 1
the peacock

Beth
    $200 6
the giraffe

Beth
    $400 17
active

Laura
    $400 24
the 1960s

Laura
    $400 23
(Laura: What is Phish?)

the Red Hot Chili Peppers

Laura
Triple Stumper
    $400 12
Mata Hari

Laura
    $400 2
the scorpion

Mike
    $400 7
waffles

Beth
    $600 18
(Laura: What is Chile?)

Spain

BethLaura
    $600 25
the 1970s

Laura
    $600 28
Pink Floyd

Beth
    $600 13
the Dead Sea Scrolls

Laura
    $600 3
Pegasus

Mike
    $600 8
offspring

Mike
    $800 19
Kilimanjaro

Mike
    $800 26
(Mike: What are the 1930s?)
....
(Alex: Less than a minute to go.)

the 1920s

BethMike
    $800 29
little green apples

Mike
    $800 14
(Alex: General MacArthur.)

the Philippines

Beth
    $800 4
Cerberus

Mike
    $1,000 9
Luftwaffe

Mike
    $1000 20
the Matterhorn

Mike
    $1000 27
(Beth: What are the 1940s?)

the 1930s

BethLaura
    $1000 30
"Paint It, Black"

Triple Stumper
    $1000 15
Rudyard Kipling

Triple Stumper
    $1000 5
a lion

Beth
    $1000 10
scofflaw

Beth

Scores at the first commercial break (after clue 15):

Beth Laura Mike
$3,600 $1,000 $3,600

Scores at the end of the Jeopardy! Round:

Beth Laura Mike
$4,600 $2,600 $5,400

Double Jeopardy! Round responses

AMERICAN LITERATURE
JOHNNY DEPP ROLES
(Alex: We want you to name the movie or TV show that Johnny Depp appeared in.)
4-LETTER WOODS
"DAL" US
DYNASTY
NAUGHT'S LANDING
(Alex: Alright, we're going to have fun in this round, obviously!)
    $400 1
Oklahoma

Mike
    $400 7
(Laura: What is "The Legend of Sleepy Hollow?")
(Beth: What is "The Headless Horseman?")
(Alex: It was just [*], not "The Legend of...".)

Sleepy Hollow

BethLaura
Triple Stumper
    $400 13
termites

Beth
    $400 6
the Dalmatian

Mike
    $400 18
Romanov

Beth
    $400 23
Zippo

Beth
    $800 2
The Great Gatsby

Mike
    $800 8
Once Upon a Time in Mexico

Triple Stumper
    $800 14
coffins

Laura
    $800 9
(Mike: What is the Distinguished Service Cross?)
(Laura: What is a Medal of Honor?)
(Alex: Remember, you can give us extra information that will make your response incorrect. It's very simple: What is a [*]? It has to contain "dal".)

a medal

LauraMike
Triple Stumper
    $800 19
castle

Beth
    $800 24
(Alex: With a minute to go.)

Without A Trace

Laura
    $1200 3
(James Fenimore) Cooper

Beth
    $1200 26
Fear and Loathing in Las Vegas

Triple Stumper
    $1200 15
pine

Beth
    $1200 10
homicidal

Mike
    $1200 20
the Bourbons

Beth
    $1200 25
Canada

Triple Stumper
    $800 4
Mark Twain

Beth
    $1600 27
21 Jump Street

Laura
    $1600 16
lime

Beth
    $1600 11
Scandal

Laura
    $1,000 21
(Beth: What is Lichtenstein?)
(Alex: Humbert=Umberto; Umberto II.)

Italy

Beth
    $1600 29
(Mike: What is "Little Deuce Coupe?")

the Chevy 409

Mike
Triple Stumper
    $2000 5
John Updike

Triple Stumper
    $2000 28
Donnie Brasco

Triple Stumper
    $2000 17
teak

Triple Stumper
    $2000 12
The Bridal Path

Beth
    $2000 22
(Mike: Who is Wenceslas?)
....
(Alex: Establishing the Carolingian dynasty.)

Charlemagne

BethMike
    $2000 30
(Laura: What is Nils...Nils?)

Nil by Mouth

Laura
Triple Stumper

Scores at the end of the Double Jeopardy! Round:

Beth Laura Mike
$15,200 $4,200 $3,800
(lock game)

[wagering suggestions for these scores]

Final Jeopardy! Round responses

BODIES OF WATER
MikeWhat are The Great Lakes
$500
LauraWhat Are The Great Lakes
$1,000
BethWhat are the Great Lakes?
$0
the Great Lakes or Lake Champlain

Final scores:

Beth Laura Mike
$15,200 $5,200 $4,300
2-day champion: $36,401 2nd place: $2,000 3rd place: $1,000

Game dynamics:

Coryat scores:

Beth Laura Mike
$17,000 $4,200 $3,600
21 R
(including 1 DD),
4 W
(including 1 DD)
11 R,
5 W
13 R
(including 1 DD),
4 W

Combined Coryat: $24,800

[game clues] [game scores] [suggest correction]

Game tape date: 2003-12-09
The J! Archive is created by fans, for fans. Scraping, republication, monetization, and malicious use prohibited; this site may use cookies and collect identifying information. See terms. The Jeopardy! game show and all elements thereof, including but not limited to copyright and trademark thereto, are the property of Jeopardy Productions, Inc. and are protected under law. This website is not affiliated with, sponsored by, or operated by Jeopardy Productions, Inc. Join the discussion at JBoard.tv.